Statistics for Liverpool Opponents In UEFA Champions League

Click here to take the quiz!

General Stats

  • This quiz has been taken 2,483 times
    (1,185 since last reset)
  • The average score is 35 of 74

Answer Stats

TeamCountryGWDLLast% Correct
Real MadridSpain113172023
99%
FC PortoPortugal86202022
95%
AC MilanItaly42112022
93%
AFC AjaxNetherlands64112023
93%
FC BarcelonaSpain62132019
93%
SL BenficaPortugal106132022
93%
Inter MilanItaly64022022
92%
ChelseaEngland102532009
91%
Bayern MunichGermany41302019
89%
Atletico MadridSpain62222022
87%
JuventusItaly31112005
87%
SSC NapoliItaly62132023
87%
Paris Saint-GermainFrance21012019
86%
Manchester CityEngland22002018
85%
PSV EindhovenNetherlands65102009
82%
AS RomaItaly52212018
80%
Borussia DortmundGermany21102002
79%
Olympique lyonnaisFrance20112010
75%
MarseilleFrance43012009
72%
Rangers FCScotland20022023
70%
Tottenham HotspurEngland11002019
69%
ArsenalEngland21102008
68%
GalatasarayTurkey41212007
68%
Red Star BelgradeSerbia41032019
66%
SevillaSpain20202018
61%
VillarrealSpain22002022
60%
FC BaselSwitzerland40312015
57%
Valencia CFSpain20022003
57%
RB LeipzigGermany22002021
55%
AnderlechtBelgium44002006
49%
AtalantaItaly21012021
49%
Bayer LeverkusenGermany43012005
48%
OlympiacosGreece21012005
48%
BesiktasTurkey21012008
47%
Red Bull SalzburgAustria22002020
47%
MonacoFrance21012005
45%
Spartak MoscowRussia43102018
45%
GenkBelgium22002020
41%
FC BruggeBelgium11001978
39%
FiorentinaItaly20022010
38%
CSKA SofiaBulgaria43011982
35%
Borussia MönchengladbachGermany32011978
32%
Deportivo La CorunaSpain21102005
32%
Dynamo KyivUkraine22002002
32%
Nottingham ForestEngland21101979
32%
Athletic BilbaoSpain21101984
31%
Dynamo DresdenGermany21011978
30%
HJK HelsinkiFinland21011983
30%
Real BetisSpain21102006
29%
BordeauxFrance22002007
28%
AberdeenScotland22001981
27%
MariborSlovenia22002018
26%
Dinamo BucharestRomania22001984
24%
Dinamo TbilissiGeorgia21011980
24%
Ludogorets RazgradBulgaria21102015
24%
AZ AlkmaarNetherlands21101982
23%
PanathinaikosGreece22001985
23%
FC ZurichSwitzerland22001977
21%
Saint-EtienneFrance21011977
20%
Austria WienAustria21101985
19%
MidtjyllandDenmark21102021
19%
FC KolnGermany30301965
16%
Lech PoznanPoland22001985
16%
BoavistaPortugal20202002
15%
TrabzonsporTurkey21011977
12%
DebrecenHungary22002010
10%
DundalkIreland22001983
8%
KR ReykjavikIceland22001965
8%
Widzew LodzPoland21011983
8%
Crusaders FCNorthern Ireland22001977
4%
OdenseDenmark22001984
4%
La Jeunesse d'EschLuxembourg21101974
3%
OPS OuluFinland43101982
2%
Petrolul PloiestiRomania32011967
1%

Score Distribution

Percentile by Number Answered

Percent of People with Each Score

Your Score History

You have not taken this quiz since the last reset